|
|
|
|
| LEADER |
00725nam a22001817a 4500 |
| 082 |
|
|
|a 894.M3
|b CHA9/K M1
|
| 100 |
|
|
|a ചൈത്രന്;
|9 8240
|
| 100 |
|
|
|a Chaithran
|9 8241
|
| 240 |
|
|
|a Kalam kananthapoyavar
|
| 245 |
|
|
|a കാലം കാണാതെപോയവര്
|
| 250 |
|
|
|a 1st
|
| 260 |
|
|
|a Perumbavoor;
|b Yuvasakthi Publications;
|c 1981
|
| 300 |
|
|
|a 288p.
|
| 650 |
|
|
|a മലയാളം; മലയാളം നോവല്
|9 3
|
| 650 |
|
|
|a Malayalam; Malayalam Novel; Literature; Malayalam Fiction
|9 8311
|
| 942 |
|
|
|c BK
|
| 999 |
|
|
|c 32507
|d 32507
|
| 952 |
|
|
|0 0
|1 0
|4 0
|6 894_000000000000000_M3_CHA_K_M1
|7 0
|8 FIC
|9 35895
|a MAL
|b MAL
|d 2015-05-11
|e 30410
|g 16.00
|l 0
|o 894.M3 CHA/K M1
|p MAL030410
|r 2015-05-11
|t 1
|w 2015-05-11
|y BK
|